000 00721nam a2200289Ia 4500
005 20260324150108.0
008 008 260324s9999 xx 000 0 eng d
020 _a9781315017938
037 _aEBOOK
040 _aCRL
040 _beng
040 _cCRL
041 _2eng
041 _aeng
084 _qCRL
100 _aAshley Montagu
_91225245
245 0 _aComing into Being Among the Australian Aborigines
245 4 _bThe procreative beliefs of the Australian Aborigines
260 _bTaylor and Francis
260 _c1974
365 _a
365 _b420
856 _uhttp://www.taylorfrancis.com/books/9781315017938
942 _cEBOOK
999 _c1834116
_d1834116